Stories for children's services. (Record no. 12282)

000 -LEADER
fixed length control field 00574nam a2200193 a 4500
001 - CONTROL NUMBER
control field :::00010084$&:&@@
003 - CONTROL NUMBER IDENTIFIER
control field OkBaRHE
005 - DATE AND TIME OF LATEST TRANSACTION
control field 20000607103356.0
008 - FIXED-LENGTH DATA ELEMENTS--GENERAL INFORMATION
fixed length control field s1958 j 000 0 eng u
040 ## - CATALOGING SOURCE
Transcribing agency
100 1# - MAIN ENTRY--PERSONAL NAME
Personal name Earle, Nick.
245 10 - TITLE STATEMENT
Title Stories for children's services.
260 ## - PUBLICATION, DISTRIBUTION, ETC. (IMPRINT)
Place of publication, distribution, etc London, UK:EN., :
Name of publisher, distributor, etc SCM Press Ltd.
Date of publication, distribution, etc c1958
300 ## - PHYSICAL DESCRIPTION
Extent 249 p. ;
Dimensions 19 cm.
650 ## - SUBJECT ADDED ENTRY--TOPICAL TERM
Topical term or geographic name as entry element Children's Sermons
650 ## - SUBJECT ADDED ENTRY--TOPICAL TERM
Topical term or geographic name as entry element Children's Stories
942 ## - ADDED ENTRY ELEMENTS (KOHA)
Source of classification or shelving scheme
Koha item type Books
Copies
Date acquired Price effective from Full call number Shelving location Source of classification or shelving scheme Damaged status Barcode Withdrawn status Koha item type Permanent Location Copy number Lost status Date last seen Not for loan
2010-04-142010-04-14BV 4315 .E184General Stacks  10084 BooksRHEMA Bible Training College1 2010-04-14